Strážci galaxie - Noví Strážci. Hledaní /

Hlavní autor: Bendis, Brian Michael, 1967-
Další autoři: Schiti, Valerio, Plata, Ľudovít, 1978-
Jazyk: Čeština
Vydáno: [Praha] : Crew s.r.o., 2020
Vydání: První vydání
Témata:
Fyzický popis: 136 nečíslovaných stran : ilustrace (převážně barevné) ; 26 cm
Knihy
Uloženo v:
LEADER 01700cam a2200457 i 4500
001 nkc20203221157
003 CZ PrNK
005 20200807083307.0
007 ta
008 200429s2020 xr a g 6 000 1 cze d
015 |a cnb003221157 
020 |a 978-80-7449-831-2  |q (brožováno) :  |c Kč 349,00 
035 |a (OCoLC)1200257460 
040 |a KLG001  |b cze  |d OLA001  |e rda 
041 1 |a cze  |h eng 
072 7 |a 741.52  |x Komiksy. Komiksové adaptace  |2 Konspekt  |9 21 
080 |a 741.52(0:82-322.9)  |2 MRF 
100 1 |a Bendis, Brian Michael,  |d 1967-  |7 xx0088262  |4 aut 
245 1 0 |a Strážci galaxie - Noví Strážci.  |p Hledaní /  |c Brian Michael Bendis - scénář ; Valerio Schiti - kresba ; Ľudovít Plata - překlad 
246 3 0 |a Hledaní 
246 3 0 |a Noví Strážci 
250 |a První vydání 
264 1 |a [Praha] :  |b Crew s.r.o.,  |c 2020 
300 |a 136 nečíslovaných stran :  |b ilustrace (převážně barevné) ;  |c 26 cm 
336 |a text  |b txt  |2 rdacontent 
336 |a statický obraz  |b sti  |2 rdacontent 
337 |a bez média  |b n  |2 rdamedia 
338 |a svazek  |b nc  |2 rdacarrier 
500 |a Přeloženo z angličtiny 
500 |a Pod názvem jméno původního vydavatele: Marvel 
655 7 |a superhrdinské komiksy  |7 fd1057488  |2 czenas 
655 9 |a superhero comics  |2 eczenas 
700 1 |a Schiti, Valerio  |7 xx0233943  |4 ill 
700 1 |a Plata, Ľudovít,  |d 1978-  |7 xx0078537  |4 trl 
787 0 8 |i Z cyklu:  |t Strážci galaxie - Noví Strážci  |g 2 
910 2 |a BOA001  |b 3-1450.155 
920 |a 1283734  |z KLG001 
990 |a BK 
995 |a 01 
991 |b 202007  |c NOV 
996 6 |b 2610829150  |c 3-1450.155  |l MZK  |r Sklad / do 1 hodiny  |n 0  |p p.v.  |w 001811042  |u 000010  |a 1  |e BOA001  |j MZK50  |s P